1990s Celebrity Field Guide Quiz Stats

 Plays Quiz Updated Sep 27, 2016

Also try: 1990s Blitz
Challenge
Share
Tweet
Score 0/24 Timer 05:00
1 Play Today
% Correct
Arnold Schwarzenegger
97.2%
Oprah Winfrey
96.9%
Gillian Anderson
91.3%
Sir Mix-a-Lot
91%
Alanis Morissette
90.4%
Shannen Doherty
88.4%
Brandy
88.3%
Jaleel White
87.9%
Jason Priestley
87.7%
Alfonso Ribeiro
85.6%
Jonathan Taylor Thomas
85.2%
Frances McDormand
84.9%
% Correct
Richard Karn
83.6%
DJ Jazzy Jeff
83.4%
Neve Campbell
81.2%
Lauryn Hill
80.4%
Shirley Manson
79.7%
Mark-Paul Gosselaar
78.6%
Gerardo
77.4%
Natalie Imbruglia
77.2%
Luke Perry
75.4%
Eddie Vedder
75.3%
Art Alexakis
75.3%
Lark Voorhies
66.2%

You're not logged in!

Compare scores with friends on all Sporcle quizzes.
OR
Log In

You Might Also Like...

Show Comments

Extras

Top Quizzes Today


Score Distribution

Your Account Isn't Verified!

In order to create a playlist on Sporcle, you need to verify the email address you used during registration. Go to your Sporcle Settings to finish the process.

Report this User

Report this user for behavior that violates our Community Guidelines.

Details: